Uso del espacio y movimientos en una comunidad de quiropteros neotropicales (Registro nro. 10846)

Detalles MARC
000 -CABECERA
Campo de control 005790000a22001810004500
090 ## - CLASIFICACIÓN LOCAL
Colección AR
Consecutivo 01769
041 0# - IDIOMA
Código de idioma para texto/pista de sonido o título separado
100 1# - ASIENTO PRINCIPAL--NOMBRE PERSONAL
Nombre personal Carranza Almansa, Juan
245 10 - MENCION DE TITULO
Título Uso del espacio y movimientos en una comunidad de quiropteros neotropicales
650 14 - ASIENTO SECUNDARIO DE MATERIA - TERMINO TEMATICO
Término temático o nombre geográfico como elemento de entrada Uso del hábitat
650 14 - ASIENTO SECUNDARIO DE MATERIA - TERMINO TEMATICO
Término temático o nombre geográfico como elemento de entrada Etología
650 14 - ASIENTO SECUNDARIO DE MATERIA - TERMINO TEMATICO
Término temático o nombre geográfico como elemento de entrada Murciélagos
651 #4 - ASIENTO SECUNDARIO DE MATERIA - NOMBRE GEOGRAFICO
-- Apure
-- Venezuela
700 1# - ASIENTO SECUNDARIO - NOMBRE PERSONAL
Nombre personal Ibáñez Ulargui, Carlos
700 1# - ASIENTO SECUNDARIO - NOMBRE PERSONAL
Nombre personal Arias de Reyna Martinez, Luis M.
773 1# - Item fuente:
Título Historia Natural
Especificación de materiales 599
Descripción física 21
Paginas del Articulo 177-190
Lugar, editorial y fecha de publicación 1982
Información sobre la relación 2
942 ## - ELEMENTOS ADICIONALES (KOHA)
Tipo de ítem Artículo
Existencias
Withdrawn status Lost status Damaged status No para préstamo Colección Ubicación Permanente Ubicación actual Fecha de adquisición Fuente de Valor Datos de publicación Seriada Total Checkouts Número topográfico Inventario / Código de Barras Date last seen Ejemplar Price effective from Forma de adquisición Tipo de material
      No para Préstamo Hemeroteca Bogotá Bogotá 27/02/2015 Franco, Ana María Fuera de circulación   AR 01769 012130 25/03/2015 1 25/03/2015   Artículo